<?xml version="1.0" encoding="UTF-8"?><?xml-stylesheet type="text/xsl" href="static/style.xsl"?><OAI-PMH xmlns="http://www.openarchives.org/OAI/2.0/" xmlns:xsi="http://www.w3.org/2001/XMLSchema-instance" xsi:schemaLocation="http://www.openarchives.org/OAI/2.0/ http://www.openarchives.org/OAI/2.0/OAI-PMH.xsd"><responseDate>2026-04-27T12:25:45Z</responseDate><request verb="GetRecord" identifier="oai:uvadoc.uva.es:10324/4253" metadataPrefix="marc">https://uvadoc.uva.es/oai/request</request><GetRecord><record><header><identifier>oai:uvadoc.uva.es:10324/4253</identifier><datestamp>2025-02-19T08:38:36Z</datestamp><setSpec>com_10324_38</setSpec><setSpec>col_10324_852</setSpec></header><metadata><record xmlns="http://www.loc.gov/MARC21/slim" xmlns:doc="http://www.lyncode.com/xoai" xmlns:xsi="http://www.w3.org/2001/XMLSchema-instance" xmlns:dcterms="http://purl.org/dc/terms/" xsi:schemaLocation="http://www.loc.gov/MARC21/slim http://www.loc.gov/standards/marcxml/schema/MARC21slim.xsd">
<leader>00925njm 22002777a 4500</leader>
<datafield tag="042" ind1=" " ind2=" ">
<subfield code="a">dc</subfield>
</datafield>
<datafield tag="720" ind1=" " ind2=" ">
<subfield code="a">García Escudero, Esther</subfield>
<subfield code="e">author</subfield>
</datafield>
<datafield tag="260" ind1=" " ind2=" ">
<subfield code="c">2013</subfield>
</datafield>
<datafield tag="520" ind1=" " ind2=" ">
<subfield code="a">Las medidas en régimen abierto para menores infractores son recursos cada vez más utilizados en nuestra sociedad cuando un joven comete una falta o un delito de poca gravedad. Por su carácter educativo y su plena orientación y propuesta para que el menor se reintegre en la sociedad y sea consciente de las repercusiones de sus actos son las más extendidas. &#xd;
En la provincia de Palencia se cuenta con numerosos recursos para llevarlas a cabo, y a través de las distintas personas que intervienen en el proceso, desde la Fiscalía hasta la Unidad de Intervención Educativa (UIE) se analizará tanto la eficacia de estas medidas y el porcentaje de reincidencia, hasta la metodología de trabajo, su coordinación e implicación con los distintos recursos de la zona, así como las necesidades que observan desde su experiencia diaria con estos jóvenes.</subfield>
</datafield>
<datafield tag="024" ind2=" " ind1="8">
<subfield code="a">http://uvadoc.uva.es/handle/10324/4253</subfield>
</datafield>
<datafield ind1=" " ind2=" " tag="653">
<subfield code="a">Delincuencia juvenil</subfield>
</datafield>
<datafield ind1=" " ind2=" " tag="653">
<subfield code="a">Justicia para menores-Administración-España   (Palencia)</subfield>
</datafield>
<datafield tag="245" ind1="0" ind2="0">
<subfield code="a">Eficacia de las medidas en medio abierto para menores infractores en la provincia de Palencia</subfield>
</datafield>
</record></metadata></record></GetRecord></OAI-PMH>